Public Accounts Committee (Record no. 109880)
[ view plain ]
| 000 -LEADER | |
|---|---|
| fixed length control field | 01736cad a22002295a 4500 |
| 001 - CONTROL NUMBER | |
| control field | L148102 |
| 008 - FIXED-LENGTH DATA ELEMENTS--GENERAL INFORMATION | |
| fixed length control field | 090727e20090617xxk f f000 0 eng d |
| 035 ## - SYSTEM CONTROL NUMBER | |
| System control number | (Sirsi) u148102 |
| 041 0# - LANGUAGE CODE | |
| Language code of text/sound track or separate title | eng |
| 050 04 - LIBRARY OF CONGRESS CALL NUMBER | |
| Classification number | 711.1 $2 18 |
| 110 1# - MAIN ENTRY--CORPORATE NAME | |
| Corporate name or jurisdiction name as entry element | United Kingdom |
| Subordinate unit | Parliament |
| -- | House of Commons |
| -- | Select Committee of Public Accounts |
| 9 (RLIN) | 3570 |
| 245 00 - TITLE STATEMENT | |
| Title | Public Accounts Committee |
| Remainder of title | thirty-third report, planning for homes, speeding up planning applications for major housing developments in England |
| Medium | [electronic resource] |
| 260 ## - PUBLICATION, DISTRIBUTION, ETC. | |
| Place of publication, distribution, etc. | London |
| Name of publisher, distributor, etc. | UK Parliament |
| Date of publication, distribution, etc. | 2009 |
| 505 2# - FORMATTED CONTENTS NOTE | |
| Formatted contents note | Terms of reference -- Summary -- Conclusions and recommendations -- 1 - Improving incentives for local planning authorities-- 2 - Improving the development management process -- 3 - Improving planning capacity -- Formal minutes -- Witnesses -- List of written evidence -- List of reports from the Committee of Public Accounts 2008-09 |
| 520 ## - SUMMARY, ETC. | |
| Summary, etc. | Examines the efficiency of measures set out by the Department for Communities and Local Government to improve the development management stage of the planning process and to increase planning capacity. Finds that: the Department for Communities and Local Government has increased the number of major applications to 67%; it needs more data to improve the time taken to deliver new housing; pre-application discussions need to be clearer and more consistency is needed in Local Authorities' funding of planning applications. |
| 521 ## - TARGET AUDIENCE NOTE | |
| Target audience note | Advanced |
| 590 ## - LOCAL NOTE (RLIN) | |
| Local note | KA |
| 651 #4 - SUBJECT ADDED ENTRY--GEOGRAPHIC NAME | |
| Geographic name | England |
| Chronological subdivision | 886- |
| 690 ## - LOCAL SUBJECT ADDED ENTRY--TOPICAL TERM (OCLC, RLIN) | |
| Topical term or geographic name as entry element | Planning and development |
| 9 (RLIN) | 6259 |
| 856 40 - ELECTRONIC LOCATION AND ACCESS | |
| Uniform Resource Identifier | <a href="https://www.publications.parliament.uk/pa/cm200809/cmselect/cmpubacc/236/23602.htm">https://www.publications.parliament.uk/pa/cm200809/cmselect/cmpubacc/236/23602.htm</a> |
| Public note | View the item free of charge at www.publications.parliament.uk... |
| 942 ## - ADDED ENTRY ELEMENTS (KOHA) | |
| Suppress in OPAC | 0 |
| Withdrawn status | Lost status | Source of classification or shelving scheme | Damaged status | Not for loan | Home library | Current library | Shelving location | Date acquired | Total Checkouts | Full call number | Barcode | Date last seen | Copy number | Price effective from | Koha item type |
|---|---|---|---|---|---|---|---|---|---|---|---|---|---|---|---|
| Dewey Decimal Classification | Virtual | Virtual | Online | 27/07/2009 | ONLINE PUBLICATION | 148102-2001 | 06/08/2019 | 1 | 06/08/2019 | Book |